000 00723nam a2200181Ia 4500
008 151202s9999||||xx |||||||||||||| ||und||
082 _bPNVM-82249
100 _aजावडेकर मुरलीधर.
245 _aवैज्ञानिक समीक्षा.
260 _b"मुरलीधर जावडेकर साहित्यकला प्रतिष्ठान,पुणे."
260 _c2012
300 _a176
600 _aजावडेकर मुरलीधर.
630 _aवैज्ञानिक समीक्षा.
700 _aजावडेकर मुरलीधर.
730 _aवैज्ञानिक समीक्षा.
942 _cBOOK
999 _c1346857
_d1346854